Loading...
| Fine Arts - Classical Music | 0 | 9 | 1 | 1 | 85 | 22 | 76.44 | 1 | 7 | 0.00 | 0.00 |
| Literature - British | 0 | 7 | 0 | 0 | 70 | 28 | 69.71 | 2 | 4 | 0.00 | 0.00 |
| Literature - American | 0 | 6 | 1 | 0 | 55 | 35 | 61.00 | 2 | 6 | 0.00 | 0.00 |
| Fine Arts - Other | 0 | 5 | 0 | 0 | 50 | 48 | 66.00 | 2 | 5 | 0.00 | 0.00 |
| History - American | 0 | 4 | 0 | 0 | 40 | 46 | 55.00 | 0 | 3 | 0.00 | 0.00 |
| Fine Arts - Painting and Sculpture | 0 | 3 | 0 | 0 | 30 | 69 | 70.67 | 1 | 2 | 0.00 | 0.00 |
| History - Other | 0 | 3 | 0 | 0 | 30 | 32 | 66.33 | 1 | 3 | 0.00 | 0.00 |
| Philosophy | 0 | 3 | 1 | 0 | 25 | 82 | 96.33 | 0 | 0 | 0.00 | 0.00 |
| Social Science | 0 | 2 | 0 | 0 | 20 | 32 | 49.50 | 1 | 2 | 0.00 | 0.00 |
| History - European | 0 | 2 | 0 | 0 | 20 | 59 | 68.50 | 0 | 1 | 0.00 | 0.00 |
| Literature - European | 0 | 2 | 0 | 0 | 20 | 55 | 63.00 | 2 | 2 | 0.00 | 0.00 |
| Current Events | 0 | 2 | 0 | 0 | 20 | 13 | 14.00 | 1 | 2 | 0.00 | 0.00 |
| Science - Biology | 0 | 2 | 1 | 1 | 15 | 72 | 92.50 | 0 | 2 | 0.00 | 0.00 |
| Literature - World | 0 | 2 | 1 | 0 | 15 | 36 | 58.00 | 1 | 1 | 0.00 | 0.00 |
| Other Academic | 0 | 1 | 0 | 0 | 10 | 69 | 69.00 | 1 | 1 | 0.00 | 0.00 |
| Science - Other | 0 | 1 | 0 | 0 | 10 | 120 | 120.00 | 0 | 0 | 0.00 | 0.00 |
| Religion | 0 | 1 | 1 | 0 | 5 | 66 | 66.00 | 0 | 1 | 0.00 | 0.00 |
| Science - Physics | 0 | 0 | 1 | 0 | -5 | 0.00 | 0 | 0 | 0.00 | 0.00 | |
| History - World | 0 | 0 | 1 | 0 | -5 | 0.00 | 0 | 0 | 0.00 | 0.00 |